| 000 | 01541nam a22003494a 4500 | ||
|---|---|---|---|
| 001 | ebr10271590 | ||
| 003 | CaPaEBR | ||
| 006 | m u | ||
| 007 | cr cn||||||||| | ||
| 008 | 041012s2005 enk sb 000 1 eng | ||
| 010 | _z 2004024150 | ||
| 020 | _z0192804308 (alk. paper) | ||
| 040 |
_aCaPaEBR _cCaPaEBR |
||
| 035 | _a(OCoLC)252699063 | ||
| 041 | 1 |
_aeng _hfre |
|
| 050 | 1 | 4 |
_aPQ1979.A76 _bE5 2005eb |
| 082 | 0 | 4 |
_a843/.5 _222 |
| 100 | 1 |
_aDiderot, Denis, _d1713-1784. |
|
| 240 | 1 | 0 |
_aReligieuse. _lEnglish |
| 245 | 1 | 4 |
_aThe nun _h[electronic resource] / _cDenis Diderot ; translated with an introduction and notes by Russell Goulbourne. |
| 260 |
_aOxford ; _aNew York : _bOxford University Press, _c2005. |
||
| 300 | _axliii, 189 p. | ||
| 490 | 1 | _aOxford world's classics | |
| 504 | _aIncludes bibliographical references (p. [xxxvi]-xxxvii). | ||
| 520 | _a"This novel takes the life of a young girl forced by her parents to enter a convent as its subject matter and provides an insight into the effects of forced vocations"--Provided by publisher. | ||
| 533 |
_aElectronic reproduction. _bPalo Alto, Calif. : _cebrary, _d2013. _nAvailable via World Wide Web. _nAccess may be limited to ebrary affiliated libraries. |
||
| 655 | 7 |
_aElectronic books. _2local |
|
| 700 | 1 | _aGoulbourne, Russell. | |
| 710 | 2 | _aebrary, Inc. | |
| 830 | 0 | _aOxford world's classics (Oxford University Press) | |
| 856 | 4 | 0 |
_uhttp://site.ebrary.com/lib/rucke/Doc?id=10271590 _zAn electronic book accessible through the World Wide Web; click to view |
| 999 |
_c7450 _d7450 |
||